[Event "SVK-chT2A 1516"]
[Site "Slovakia"]
[Date "2015.11.08"]
[Round "4.5"]
[White "Syrovy, Ivan"]
[Black "Szollos, Ondrej"]
[Result "0-1"]
[WhiteElo "1983"]
[BlackElo "2054"]
[PlyCount "108"]
[EventDate "2015.10.17"]
[EventType "team-tourn"]
[EventRounds "11"]
[EventCountry "SVK"]
[SourceTitle "CBM 169 Extra"]
[Source "ChessBase"]
[SourceDate "2015.12.18"]
[SourceVersion "1"]
[SourceVersionDate "2015.12.18"]
[SourceQuality "1"]
[WhiteTeam "Pezinok"]
[BlackTeam "Devinska Nova Ves II"]
[WhiteTeamCountry "SVK"]
[BlackTeamCountry "SVK"]

1. e4 d6 2. d4 Nf6 3. Nc3 c6 4. Nf3 Bg4 5. Be2 Qc7 6. h3 Bh5 7. Be3 e5 8. Qd2 Nbd7 9. 0-0-0 a6 10. Bg5 Be7 11. Rhe1 b5 12. dxe5 dxe5 13. Bxf6 Nxf6 14. Bd3 0-0 15. g4 Bg6 16. g5 Nh5 17. Nh4 Nf4 18. Nxg6 fxg6 19. h4 Bc5 20. f3 Rad8 21. Rf1 Bb4 22. Kb1 Ba5 23. Qe3 Bb6 24. Qd2 a5 25. Qh2 a4 26. a3 Qe7 27. Na2 Bc5 28. Qd2 Ne6 29. Nb4 Bxb4 30. axb4 Rf4 31. Qc3 Nd4 32. Rf2 Rdf8 33. Rdf1 Qd6 34. Be2 Rd8 35. Rh1 Qf8 36. Qe3 Nxe2 37. Qxe2 Qxb4 38. Ka2 Qd6 39. h5 Qe6+ 40. Kb1 gxh5 41. Rxh5 g6 42. Rh1 Rd7 43. Qe3 Qd6 44. Rhh2 Qd4 45. Qa3 b4 46. Qxa4 Ra7 47. Qb3+ Kg7 48. Qd3 c5 49. Rf1 Rd7 50. Rfh1 Kg8 51. Qb3+ c4 52. Qxb4 Rxf3 53. Qb5 Rff7 54. Qc6 Qd1+ 0-1

[Event "SVK-chT2A 1415"]
[Site "Slovakia"]
[Date "2015.03.07"]
[Round "10.6"]
[White "Szollos, Ondrej"]
[Black "Pytlik, Pavol"]
[Result "1-0"]
[WhiteElo "1972"]
[BlackElo "2027"]
[PlyCount "149"]
[EventDate "2014.10.11"]
[EventType "team-tourn"]
[EventRounds "11"]
[EventCountry "SVK"]
[SourceTitle "EXT 2016"]
[Source "ChessBase"]
[SourceDate "2015.10.08"]
[SourceVersion "1"]
[SourceVersionDate "2015.10.08"]
[SourceQuality "1"]
[WhiteTeam "Devinska Nova Ves II"]
[BlackTeam "Bratislava Lokomotiva"]
[WhiteTeamCountry "SVK"]
[BlackTeamCountry "SVK"]

1. Nf3 Nf6 2. d3 g6 3. c3 Bg7 4. e4 d6 5. Be2 0-0 6. 0-0 e5 7. Nbd2 c5 8. Re1 Nc6 9. Nf1 b6 10. Ng3 Bb7 11. Bg5 h6 12. Bd2 d5 13. Qc2 d4 14. c4 Nd7 15. h3 Qc7 16. Rf1 Rae8 17. a3 f5 18. exf5 gxf5 19. Rae1 Qd6 20. Nh4 Ne7 21. Nh5 Ng6 22. Nxg6 Qxg6 23. Ng3 Nf6 24. Qd1 f4 25. Ne4 Bxe4 26. dxe4 Re7 27. Bf3 Nh7 28. Bh5 Qe6 29. b3 Nf6 30. Bf3 Kh8 31. Kh2 Rg8 32. Rg1 Bf8 33. g3 fxg3+ 34. fxg3 Rf7 35. Ref1 Bg7 36. Qe2 Rgf8 37. Kg2 b5 38. Qd3 bxc4 39. bxc4 Rb8 40. Bd1 Qc6 41. Bc2 Rb2 42. Kh2 Rfb7 43. Rg2 Kg8 44. Rgf2 Rxc2 45. Qxc2 Nxe4 46. Rg2 Nxd2 47. Qxd2 e4 48. Rf5 Rc7 49. Qf4 Re7 50. Rf2 e3 51. Rf7 Rxf7 52. Qxf7+ Kh8 53. Re2 Qe4 54. Qf4 Qxf4 55. gxf4 Bf6 56. Kg2 Be7 57. Kf3 Kg7 58. Rg2+ Kf7 59. Ke2 Bd6 60. f5 Be5 61. Rg6 Bc7 62. Rc6 Be5 63. Rxc5 Kf6 64. Rc6+ Kxf5 65. Kf3 Bf6 66. Rc5+ Ke6 67. Ra5 Bg5 68. Ke2 Kd6 69. Kd3 Bf6 70. Rxa7 Ke5 71. a4 e2 72. Ra5+ Kf4 73. Kxe2 Ke4 74. Ra8 Bg7 75. a5 1-0

[Event "SVK-chT2A 1415"]
[Site "Slovakia"]
[Date "2015.02.01"]
[Round "7.8"]
[White "Kebis, Milos"]
[Black "Szollos, Ondrej"]
[Result "1-0"]
[WhiteElo "1942"]
[BlackElo "1972"]
[PlyCount "125"]
[EventDate "2014.10.11"]
[EventType "team-tourn"]
[EventRounds "11"]
[EventCountry "SVK"]
[SourceTitle "EXT 2016"]
[Source "ChessBase"]
[SourceDate "2015.10.08"]
[SourceVersion "1"]
[SourceVersionDate "2015.10.08"]
[SourceQuality "1"]
[WhiteTeam "Bratislava Krasnany"]
[BlackTeam "Devinska Nova Ves II"]
[WhiteTeamCountry "SVK"]
[BlackTeamCountry "SVK"]

1. d4 Nf6 2. c4 d6 3. Nc3 c6 4. e4 Qc7 5. Nf3 e5 6. Be2 Be7 7. 0-0 0-0 8. Bg5 h6 9. Bh4 Bg4 10. h3 Bxf3 11. Bxf3 Nxe4 12. Bxe7 Nxc3 13. Bxd6 Qxd6 14. bxc3 Qc7 15. d5 Rd8 16. Qb3 Na6 17. Qa3 cxd5 18. cxd5 Nc5 19. c4 Rab8 20. Rfe1 b6 21. Rad1 Qd6 22. Re3 Rb7 23. Qb2 Re7 24. g3 f5 25. Bg2 Kh8 26. Qc2 e4 27. Qe2 Qf6 28. f3 exf3 29. Qxf3 Rxe3 30. Qxe3 Nb7 31. Re1 Nc5 32. h4 Qg6 33. Kh2 Qg4 34. Qe5 Nd3 35. Qe7 Nxe1 36. Qxd8+ Kh7 37. Qe7 Nxg2 38. Kxg2 Qxc4 39. d6 Qd5+ 40. Kf2 Qd2+ 41. Kf3 Qd1+ 42. Kf4 Qg4+ 43. Ke3 Qc4 44. h5 a5 45. d7 Qc1+ 46. Kd4 Qd1+ 47. Ke5 Qe1+ 48. Kd6 Qb4+ 49. Ke6 Qc4+ 50. Kxf5 Qd5+ 51. Kf4 Qd2+ 52. Kf3 Qd1+ 53. Kf2 Qd2+ 54. Kg1 Qd1+ 55. Kf2 Qd2+ 56. Kf3 Qd1+ 57. Kf4 Qc1+ 58. Kf5 Qf1+ 59. Ke6 Qc4+ 60. Ke5 Qc3+ 61. Kd5 Qd3+ 62. Kc6 Qf3+ 63. Kc7 1-0

[Event "SVK-chT2A 1415"]
[Site "Slovakia"]
[Date "2014.11.09"]
[Round "4.6"]
[White "Szollos, Ondrej"]
[Black "Kundrak, Vladimir"]
[Result "1-0"]
[WhiteElo "1972"]
[BlackElo "1949"]
[PlyCount "63"]
[EventDate "2014.10.11"]
[EventType "team-tourn"]
[EventRounds "11"]
[EventCountry "SVK"]
[SourceTitle "EXT 2016"]
[Source "ChessBase"]
[SourceDate "2015.10.08"]
[SourceVersion "1"]
[SourceVersionDate "2015.10.08"]
[SourceQuality "1"]
[WhiteTeam "Devinska Nova Ves II"]
[BlackTeam "Modra II"]
[WhiteTeamCountry "SVK"]
[BlackTeamCountry "SVK"]

1. e4 d5 2. exd5 Nf6 3. d3 Bg4 4. Nf3 Qxd5 5. Be2 Nc6 6. 0-0 e5 7. Nc3 Qd7 8. h3 Bf5 9. Re1 0-0-0 10. Bg5 Re8 11. Nh4 Be6 12. Nf3 h6 13. Bh4 g5 14. Bg3 Bf5 15. Bf1 Bd6 16. Nb5 g4 17. Nxd6+ cxd6 18. hxg4 Bxg4 19. Be2 h5 20. c3 Nd5 21. Nh4 Reg8 22. Bf3 Be6 23. d4 exd4 24. cxd4 Bg4 25. Qb3 Bxf3 26. Qxf3 Rg5 27. Rac1 Kb8 28. Rc5 Nxd4 29. Qd3 b6 30. Rc4 Ne6 31. Nf3 Nc5 32. Rxc5 1-0

[Event "Bratislava Slovan op"]
[Site "Bratislava"]
[Date "2014.04.26"]
[Round "1"]
[White "Szollos, Ondrej"]
[Black "Juhaniak, Lubomir"]
[Result "1-0"]
[WhiteElo "1997"]
[BlackElo "1501"]
[PlyCount "73"]
[EventDate "2014.04.26"]
[EventType "swiss"]
[EventRounds "9"]
[EventCountry "SVK"]
[SourceTitle "CBM 160 Extra"]
[Source "ChessBase"]
[SourceDate "2014.07.01"]
[SourceVersion "1"]
[SourceVersionDate "2014.07.01"]
[SourceQuality "1"]

1. Nf3 Nf6 2. d3 d5 3. c3 Nc6 4. Qc2 e5 5. e4 Be6 6. Be2 h6 7. 0-0 Bd6 8. Nbd2 0-0 9. Rd1 Nd7 10. Nf1 f5 11. Ne3 fxe4 12. dxe4 dxe4 13. Qxe4 Nc5 14. Qc2 e4 15. Nd4 Qf6 16. Bf1 a5 17. Nxe6 Nxe6 18. Bc4 Kh8 19. Rf1 Ng5 20. Ng4 Qg6 21. Bxg5 Qxg5 22. Be2 h5 23. Ne3 Rf4 24. g3 h4 25. Ng2 Raf8 26. Nxf4 Rxf4 27. Rad1 Bc5 28. Kh1 Rxf2 29. Rxf2 Bxf2 30. Qxe4 Ne5 31. Rd5 hxg3 32. h3 Qc1+ 33. Bd1 Qg5 34. Kg2 Qf6 35. Rxe5 Bc5 36. Rh5+ Kg8 37. Bb3+ 1-0

[Event "SVK-chT2A 1314"]
[Site "Slovakia"]
[Date "2014.02.01"]
[Round "7.4"]
[White "Janos, Jozef"]
[Black "Szollos, Ondrej"]
[Result "1-0"]
[WhiteElo "2123"]
[BlackElo "1983"]
[PlyCount "55"]
[EventDate "2013.10.19"]
[EventType "team-tourn"]
[EventRounds "11"]
[EventCountry "SVK"]
[SourceTitle "EXT 2015"]
[Source "ChessBase"]
[SourceDate "2014.11.20"]
[SourceVersion "1"]
[SourceVersionDate "2014.11.20"]
[SourceQuality "1"]
[WhiteTeam "Bratislava DP"]
[BlackTeam "Devinska Nova Ves II"]
[WhiteTeamCountry "SVK"]
[BlackTeamCountry "SVK"]

1. e4 d6 2. d4 Nf6 3. Nc3 c6 4. Nf3 Bg4 5. Be2 Qc7 6. 0-0 e5 7. Be3 Be7 8. a4 Nbd7 9. h3 Bh5 10. Nd2 Bg6 11. f4 exf4 12. Bxf4 Qb6 13. Nc4 Qb4 14. Na2 Qxa4 15. Nc3 Qb4 16. Ra4 Qxa4 17. Nxa4 b5 18. Nxd6+ Bxd6 19. Bxd6 bxa4 20. e5 Ne4 21. Ba3 Rd8 22. Qe1 c5 23. Bd3 f5 24. exf6 Ndxf6 25. Rxf6 gxf6 26. Bxe4 Kf7 27. Bxg6+ hxg6 28. Bxc5 1-0

[Event "SVK-chT2A 1213"]
[Site "Slovakia"]
[Date "2012.12.16"]
[Round "6.4"]
[White "Szollos, Ondrej"]
[Black "Janos, Jozef"]
[Result "0-1"]
[WhiteElo "1979"]
[BlackElo "2152"]
[PlyCount "74"]
[EventDate "2012.10.13"]
[EventType "team-tourn"]
[EventRounds "11"]
[EventCountry "SVK"]
[SourceTitle "EXT 2015"]
[Source "ChessBase"]
[SourceDate "2014.11.20"]
[SourceVersion "1"]
[SourceVersionDate "2014.11.20"]
[SourceQuality "1"]
[WhiteTeam "Devinska Nova Ves II"]
[BlackTeam "Bratislava DP"]
[WhiteTeamCountry "SVK"]
[BlackTeamCountry "SVK"]

1. Nf3 Nf6 2. g3 g6 3. Bg2 Bg7 4. 0-0 0-0 5. Re1 d6 6. c3 e5 7. e4 c5 8. d3 Nc6 9. Nbd2 h6 10. a4 a6 11. Nc4 Be6 12. Bd2 Qc7 13. Ne3 b5 14. Qc2 Rfc8 15. Rec1 Na5 16. c4 bxc4 17. Bxa5 Qxa5 18. Nxc4 Qc7 19. Nfd2 Rab8 20. a5 Nd7 21. Rcb1 Rb4 22. h4 h5 23. Kh2 Bh6 24. Bh3 Rf8 25. Ra4 Rb5 26. b4 Rfb8 27. Bxe6 fxe6 28. Na3 R5b7 29. bxc5 Qxc5 30. Ndc4 Rxb1 31. Nxb1 d5 32. d4 Qc6 33. Nba3 dxc4 34. Rxc4 Qd6 35. Qc3 exd4 36. Rxd4 Qc5 37. Qd3 Ne5 0-1

[Event "SVK-chT2A 1112"]
[Site "Slovakia"]
[Date "2012.02.26"]
[Round "11.5"]
[White "Manak, Jozef"]
[Black "Szollos, Ondrej"]
[Result "1-0"]
[WhiteElo "2053"]
[BlackElo "2051"]
[PlyCount "81"]
[EventDate "2011.10.08"]
[EventType "team-tourn"]
[EventRounds "11"]
[EventCountry "SVK"]
[SourceTitle "EXT 2013"]
[Source "ChessBase"]
[SourceDate "2012.11.22"]
[SourceVersion "1"]
[SourceVersionDate "2012.11.22"]
[SourceQuality "1"]
[WhiteTeam "Piestany Kupele"]
[BlackTeam "Devinska Nova Ves"]
[WhiteTeamCountry "SVK"]
[BlackTeamCountry "SVK"]

1. Nf3 Nf6 2. g3 d6 3. Bg2 c6 4. 0-0 e5 5. d3 Be7 6. c4 Bg4 7. Nc3 Qc8 8. Re1 Bh3 9. Bh1 0-0 10. d4 Qc7 11. Qc2 Nbd7 12. e4 Rac8 13. b3 b5 14. Qd3 b4 15. Nd1 Rfe8 16. Bb2 Ng4 17. Nd2 exd4 18. Bxd4 Nge5 19. Qc2 c5 20. Bb2 Nc6 21. f4 Bf6 22. Nf2 Nd4 23. Qd3 Ne2+ 24. Qxe2 Bxb2 25. Nxh3 Bxa1 26. Rxa1 a5 27. Qd3 Nf6 28. Nf2 Rcd8 29. Bf3 h5 30. h3 Kf8 31. Kg2 Re7 32. g4 d5 33. e5 dxc4 34. Qc2 cxb3 35. axb3 Nd5 36. Bxd5 Rxd5 37. Qh7 Ke8 38. Nde4 Kd7 39. Qxg7 Kc6 40. gxh5 Re8 41. Nf6 1-0

[Event "SVK-chT2A 10/11"]
[Site "Slovakia"]
[Date "2011.01.08"]
[Round "5.5"]
[White "Szollos, Ondrej"]
[Black "Hartl, Jan"]
[Result "0-1"]
[WhiteElo "2065"]
[BlackElo "2118"]
[PlyCount "94"]
[EventDate "2010.10.23"]
[EventType "team-tourn"]
[EventRounds "11"]
[EventCountry "SVK"]
[SourceTitle "EXT 2019"]
[Source "ChessBase"]
[SourceDate "2018.10.10"]
[SourceVersion "1"]
[SourceVersionDate "2018.10.10"]
[SourceQuality "1"]
[WhiteTeam "Devinska Nova Ves"]
[BlackTeam "Pezinok KS"]
[WhiteTeamCountry "SVK"]
[BlackTeamCountry "SVK"]

1. e4 e5 2. Nf3 Nc6 3. d3 h6 4. c3 d5 5. Qc2 f5 6. Be2 Be7 7. Nbd2 Nf6 8. exd5 Nxd5 9. Nc4 Bf6 10. 0-0 0-0 11. Re1 Re8 12. Bf1 Kh8 13. Bd2 b5 14. Na3 a6 15. Rad1 Qd6 16. Qc1 Nb6 17. c4 bxc4 18. dxc4 Qf8 19. h3 e4 20. Nh2 Na4 21. Bc3 Nxc3 22. bxc3 Bg5 23. f4 Qc5+ 24. Kh1 Be7 25. Nc2 Be6 26. Nd4 Bf7 27. g4 g6 28. Nb3 Qa7 29. gxf5 gxf5 30. Nd4 Rg8 31. Bg2 Qc5 32. Nf1 Bh4 33. Re3 Bxc4 34. Rd2 Ne7 35. Qd1 Bf7 36. Nb3 Qb6 37. Rd7 Qg6 38. Re2 Bf6 39. Ne3 c5 40. Nc2 Be6 41. Rd6 Bxc3 42. Rxa6 Nc6 43. a3 Qf6 44. Kh2 Nd4 45. Rf2 Nf3+ 46. Bxf3 Bd4 47. Rg2 Qh4 0-1

[Event "SVK-chT2A 0708"]
[Site "Slovakia"]
[Date "2008.03.09"]
[Round "11.3"]
[White "Hartl, Jan"]
[Black "Szollos, Ondrej"]
[Result "1/2-1/2"]
[WhiteElo "2186"]
[BlackElo "2111"]
[PlyCount "35"]
[EventDate "2007.10.06"]
[EventType "team-tourn"]
[EventRounds "11"]
[EventCountry "SVK"]
[SourceTitle "EXT 2010"]
[Source "ChessBase"]
[SourceDate "2010.11.25"]
[SourceVersion "1"]
[SourceVersionDate "2010.11.25"]
[SourceQuality "1"]
[WhiteTeam "Pezinok KS"]
[BlackTeam "Devinska Nova Ves"]
[WhiteTeamCountry "SVK"]
[BlackTeamCountry "SVK"]

1. e4 d6 2. d4 c6 3. c4 Qc7 4. Nc3 e5 5. Nge2 Bg4 6. f3 Bh5 7. Be3 Be7 8. h4 h6 9. Qd2 Nd7 10. 0-0-0 0-0-0 11. g4 Bg6 12. h5 Bh7 13. Bh3 Kb8 14. g5 Nb6 15. b3 hxg5 16. Bxg5 Nf6 17. Bg2 Rhe8 18. h6 1/2-1/2

[Event "SVK-chT2A 0708"]
[Site "Slovakia"]
[Date "2007.12.02"]
[Round "6.2"]
[White "Duben, Igor"]
[Black "Szollos, Ondrej"]
[Result "1-0"]
[WhiteElo "2172"]
[BlackElo "2111"]
[PlyCount "117"]
[EventDate "2007.10.06"]
[EventType "team-tourn"]
[EventRounds "11"]
[EventCountry "SVK"]
[SourceTitle "EXT 2010"]
[Source "ChessBase"]
[SourceDate "2010.11.25"]
[SourceVersion "1"]
[SourceVersionDate "2010.11.25"]
[SourceQuality "1"]
[WhiteTeam "Bratislava Doprastav IV"]
[BlackTeam "Devinska Nova Ves"]
[WhiteTeamCountry "SVK"]
[BlackTeamCountry "SVK"]

1. e4 d6 2. d4 c6 3. Nc3 Qc7 4. Bf4 e5 5. dxe5 dxe5 6. Bg3 Be6 7. Qh5 Nd7 8. Nf3 Ngf6 9. Bxe5 Qa5 10. Qg5 Nxe4 11. Qe3 Nxe5 12. Qxe4 Nxf3+ 13. Qxf3 Bb4 14. a3 Be7 15. Be2 0-0 16. 0-0 Rad8 17. Rfd1 Qe5 18. Rxd8 Rxd8 19. Rd1 Rxd1+ 20. Nxd1 Bd6 21. g3 Bf5 22. Bd3 Qe1+ 23. Kg2 Be6 24. Ne3 Qa5 25. Qe4 Qh5 26. h4 g6 27. Bc4 Bd7 28. Qd3 Qe5 29. Bxf7+ Kxf7 30. Nc4 Qe6 31. Nxd6+ Ke7 32. Ne4 h6 33. Qd4 b6 34. Qg7+ Kd8 35. Qf8+ Kc7 36. Qf4+ Kb7 37. Nd6+ Kc7 38. Nf7+ Kc8 39. Ne5 Qd5+ 40. Kh2 Bf5 41. c4 Qd1 42. Nxc6 Qe1 43. Qe3 Qxe3 44. fxe3 Kb7 45. Nd4 Bd3 46. b3 a5 47. Nf3 Kc7 48. Nd2 Kd6 49. b4 Ke5 50. Kg2 Bc2 51. Kf2 Kf5 52. bxa5 bxa5 53. c5 Bd3 54. e4+ Kg4 55. c6 Ba6 56. c7 g5 57. hxg5 Kxg5 58. Nc4 Kf6 59. Nb6 1-0

[Event "SVK-chT2A 0708"]
[Site "Slovakia"]
[Date "2007.10.07"]
[Round "2.2"]
[White "Balogh, Tomas"]
[Black "Szollos, Ondrej"]
[Result "1-0"]
[WhiteElo "2362"]
[BlackElo "2111"]
[PlyCount "129"]
[EventDate "2007.10.06"]
[EventType "team-tourn"]
[EventRounds "11"]
[EventCountry "SVK"]
[SourceTitle "EXT 2010"]
[Source "ChessBase"]
[SourceDate "2010.11.25"]
[SourceVersion "1"]
[SourceVersionDate "2010.11.25"]
[SourceQuality "1"]
[WhiteTeam "Galanta"]
[BlackTeam "Devinska Nova Ves"]
[WhiteTeamCountry "SVK"]
[BlackTeamCountry "SVK"]

1. d4 d6 2. Nf3 c6 3. c3 Qc7 4. Bf4 Bg4 5. e3 Nd7 6. h3 Bh5 7. Be2 Bxf3 8. Bxf3 Ngf6 9. Nd2 e5 10. Bh2 Be7 11. 0-0 0-0 12. Qb3 Rab8 13. a4 Rfe8 14. g4 h6 15. Bg2 d5 16. c4 Bd6 17. c5 Bf8 18. f4 exd4 19. exd4 Qa5 20. Qc3 Qxc3 21. bxc3 b6 22. f5 Rbc8 23. cxb6 axb6 24. Rfe1 Rxe1+ 25. Rxe1 Ra8 26. Ra1 c5 27. Be5 cxd4 28. Bxd4 Bc5 29. Kf2 Re8 30. a5 Bxd4+ 31. cxd4 bxa5 32. Rxa5 Rd8 33. Ke3 Kf8 34. Bxd5 Re8+ 35. Kf4 Nxd5+ 36. Rxd5 Nf6 37. Ra5 Re2 38. Nf3 Re4+ 39. Kg3 Re3 40. Kf2 Rb3 41. Ra8+ Ke7 42. Ra7+ Ke8 43. Kg2 Rb2+ 44. Kg3 Rb3 45. h4 Ne4+ 46. Kf4 Nf2 47. Ra2 Nd3+ 48. Ke4 Nb2 49. Ra8+ Ke7 50. Ra7+ Ke8 51. Ne5 Nd1 52. Nxf7 Nf2+ 53. Kd5 Nxg4 54. Ke6 Rb8 55. d5 Nf6 56. d6 Kf8 57. d7 Nxd7 58. Rxd7 Re8+ 59. Kd6 Kg8 60. Ne5 Rf8 61. Ng6 Ra8 62. Ke7 Kh7 63. Kf7 Ra6 64. Nf8+ Kh8 65. Ne6 1-0

[Event "SVK-chT1W 0607"]
[Site "Slovakia"]
[Date "2007.02.11"]
[Round "9.2"]
[White "Szollos, Ondrej"]
[Black "Bojda, Lubomir"]
[Result "1-0"]
[WhiteElo "2159"]
[BlackElo "2213"]
[PlyCount "101"]
[EventDate "2006.10.07"]
[EventType "team-tourn"]
[EventRounds "11"]
[EventCountry "SVK"]
[SourceTitle "EXT 2008"]
[Source "ChessBase"]
[SourceDate "2007.11.25"]
[SourceVersion "1"]
[SourceVersionDate "2007.11.25"]
[SourceQuality "1"]
[WhiteTeam "Devinska Nova Ves"]
[BlackTeam "Hlohovec SK Zentiva II"]
[WhiteTeamCountry "SVK"]
[BlackTeamCountry "SVK"]

1. Nf3 d5 2. d3 Nf6 3. c3 c5 4. Qc2 Nc6 5. e4 e5 6. Be2 Be7 7. Nbd2 0-0 8. Nf1 Qc7 9. Bg5 Be6 10. Bxf6 Bxf6 11. Ng3 Rad8 12. 0-0 g6 13. Rab1 Bg7 14. Ng5 Bc8 15. exd5 Rxd5 16. Bf3 Rdd8 17. N5e4 Qe7 18. Nd2 Bd7 19. a3 Rc8 20. Rfe1 h5 21. Ngf1 Rfd8 22. Bd5 Bf5 23. Be4 Be6 24. Nf3 Bd7 25. Rbd1 Be8 26. Ne3 Bh6 27. Nc4 f6 28. d4 cxd4 29. Bxg6 Bf7 30. Ncd2 dxc3 31. bxc3 Bxg6 32. Qxg6+ Qg7 33. Qxh5 Rd3 34. Ne4 Rcd8 35. Rxd3 Rxd3 36. Qf5 Rd8 37. Nxf6+ Kh8 38. Ng4 Kg8 39. Nxh6+ Qxh6 40. Nxe5 Qg7 41. Qe6+ Kh7 42. Nxc6 bxc6 43. Qxc6 Qe5 44. Rf1 Rd2 45. Qb7+ Kg6 46. Qxa7 Qe2 47. Qb6+ Kh7 48. Qc7+ Kh8 49. Qc8+ Kh7 50. Qf5+ Kh8 51. h3 1-0

[Event "SVK-chT1W 0607"]
[Site "Slovakia"]
[Date "2006.12.03"]
[Round "6.5"]
[White "Szollos, Ondrej"]
[Black "Franzen, Jozef"]
[Result "1/2-1/2"]
[WhiteElo "2159"]
[BlackElo "2353"]
[PlyCount "86"]
[EventDate "2006.10.07"]
[EventType "team-tourn"]
[EventRounds "11"]
[EventCountry "SVK"]
[SourceTitle "EXT 2008"]
[Source "ChessBase"]
[SourceDate "2007.11.25"]
[SourceVersion "1"]
[SourceVersionDate "2007.11.25"]
[SourceQuality "1"]
[WhiteTeam "Devinska Nova Ves"]
[BlackTeam "Bratislava Slovan"]
[WhiteTeamCountry "SVK"]
[BlackTeamCountry "SVK"]

1. Nf3 Nf6 2. d3 c5 3. c3 Nc6 4. e4 d6 5. Be2 g6 6. Bg5 Bg7 7. 0-0 h6 8. Bxf6 Bxf6 9. Re1 0-0 10. Nbd2 Rb8 11. Nf1 b5 12. Ne3 b4 13. Qd2 Kh7 14. d4 bxc3 15. bxc3 Bg7 16. Rab1 Bb7 17. d5 Ne5 18. Nxe5 Bxe5 19. Rb5 Ba8 20. Reb1 Qc7 21. Nd1 Rxb5 22. Rxb5 e6 23. Bc4 Qe7 24. g3 Bb7 25. Rb3 Bc8 26. Kg2 Bg7 27. Qe3 h5 28. Be2 Bh6 29. f4 e5 30. Nf2 exf4 31. gxf4 Qh4 32. Qg3 Qxf4 33. Qxf4 Bxf4 34. Ra3 Bd2 35. Rxa7 Bxc3 36. a4 Kh6 37. a5 f5 38. a6 Bd4 39. Rc7 Bxf2 40. Kxf2 fxe4+ 41. Ke3 Bxa6 42. Bxa6 Kg5 43. Re7 Ra8 1/2-1/2

[Event "SVK-chT1W 0506"]
[Site "Slovakia"]
[Date "2006.??.??"]
[Round "?"]
[White "Szollos, Ondrej"]
[Black "Barczi, Tibor"]
[Result "1/2-1/2"]
[WhiteElo "2150"]
[BlackElo "2125"]
[PlyCount "105"]
[EventDate "2005.10.15"]
[EventType "team-tourn"]
[EventRounds "11"]
[EventCountry "SVK"]
[SourceTitle "EXT 2008"]
[Source "ChessBase"]
[SourceDate "2007.11.25"]
[SourceVersion "1"]
[SourceVersionDate "2007.11.25"]
[SourceQuality "1"]

1. Nf3 d5 2. d3 c5 3. c3 Nc6 4. Qc2 e5 5. e4 d4 6. Be2 Bd6 7. Bg5 Nge7 8. Na3 0-0 9. 0-0 h6 10. Bh4 Kh8 11. Rac1 Qe8 12. Nb5 Bb8 13. cxd4 cxd4 14. Qc5 f6 15. Nd6 Bxd6 16. Qxd6 Qd7 17. Qa3 Ng6 18. Bg3 Qe7 19. Qxe7 Ngxe7 20. h4 Be6 21. a3 a5 22. h5 Ra6 23. Nh4 Rb6 24. Rc2 Rc8 25. f4 Bb3 26. Rc5 exf4 27. Bxf4 Be6 28. Bc1 Ne5 29. Rxa5 Rc2 30. Ra8+ Kh7 31. Re1 Rbc6 32. Bf4 Rxb2 33. Bxe5 fxe5 34. Ra5 b5 35. Ra8 Rc8 36. Rxc8 Bxc8 37. Bf1 Rb3 38. Ra1 Rc3 39. Rb1 Bd7 40. Nf3 Rxa3 41. Nxe5 Be8 42. Be2 g6 43. hxg6+ Nxg6 44. Nxg6 Kxg6 45. Rc1 Rc3 46. Rb1 Rc2 47. Kf1 Kg5 48. g3 Kf6 49. Ke1 Ke5 50. Kd1 Ra2 51. Rc1 b4 52. Rc5+ Kf6 53. Bf3 1/2-1/2

[Event "Bratislava Slovan op"]
[Site "Bratislava"]
[Date "2004.05.05"]
[Round "6"]
[White "Szollos, Ondrej"]
[Black "Ruckschloss, Karol"]
[Result "0-1"]
[WhiteElo "2100"]
[BlackElo "2337"]
[PlyCount "42"]
[EventDate "2004.05.??"]
[EventType "swiss"]
[EventRounds "9"]
[EventCountry "SVK"]
[SourceTitle "EXT 2005"]
[Source "ChessBase"]
[SourceDate "2004.11.15"]
[SourceVersion "1"]
[SourceVersionDate "2004.11.15"]
[SourceQuality "1"]

1. Nf3 f5 2. d3 d6 3. c3 e5 4. e4 Nf6 5. Qc2 c5 6. Nbd2 Nc6 7. Be2 g6 8. a4 Bg7 9. 0-0 0-0 10. exf5 Bxf5 11. Nc4 Qd7 12. Bg5 Nd5 13. Qd2 Rae8 14. Rad1 Nf4 15. Bxf4 exf4 16. Nh4 Be6 17. Rde1 Qd8 18. Nf3 Bf5 19. b3 h6 20. h3 b6 21. Nh2 d5 0-1

[Event "Bratislava Slovan op"]
[Site "Bratislava"]
[Date "2004.05.02"]
[Round "3"]
[White "Vukovic, Ivo"]
[Black "Szollos, Ondrej"]
[Result "0-1"]
[WhiteElo "2226"]
[BlackElo "2100"]
[PlyCount "113"]
[EventDate "2004.05.??"]
[EventType "swiss"]
[EventRounds "9"]
[EventCountry "SVK"]
[SourceTitle "EXT 2005"]
[Source "ChessBase"]
[SourceDate "2004.11.15"]
[SourceVersion "1"]
[SourceVersionDate "2004.11.15"]
[SourceQuality "1"]

1. Nf3 Nf6 2. c4 d6 3. Nc3 c6 4. d4 Qc7 5. g3 e5 6. Bg2 Be7 7. 0-0 0-0 8. b3 Nbd7 9. Bb2 e4 10. Ne1 d5 11. Rc1 Qd8 12. Nc2 Nb6 13. c5 Nbd7 14. b4 Re8 15. a4 Nf8 16. b5 a5 17. Rb1 Bd7 18. f3 exf3 19. exf3 Ng6 20. Qd2 h5 21. b6 Qc8 22. Rbe1 Bh3 23. Bc1 Bxg2 24. Qxg2 Qf5 25. Ne3 Qd3 26. Qc2 Qxd4 27. Ba3 Bxc5 28. Bxc5 Qxc5 29. Ncxd5 Qxc2 30. Nxf6+ gxf6 31. Nxc2 Rxe1 32. Rxe1 Ra6 33. Rb1 Ne5 34. Nd4 Nd7 35. Nxc6 bxc6 36. b7 Ra7 37. b8Q+ Nxb8 38. Rxb8+ Kg7 39. Rb6 Rc7 40. Kf2 c5 41. Ke2 c4 42. Rb5 c3 43. Kd1 Rd7+ 44. Kc1 Kg6 45. Rxa5 Rd2 46. h4 Rg2 47. Ra8 Kg7 48. Rc8 Rxg3 49. Rxc3 Rh3 50. a5 Rxh4 51. Ra3 Rd4 52. a6 Rd8 53. a7 Ra8 54. Ra4 h4 55. Rxh4 Rxa7 56. Kd2 Re7 57. Rg4+ 0-1